000
00259nam a2200121Ia 4500
100
_a
Riggs/J.L
942
_c
BK
654
_a
production
245
_a
Production system
260
_b
WILEY EASTERN LIMITED
_a
New Delhi
_c
1984
546
_a
ENGLISH
999
_c
32776
_d
32776